Informačný spravodajca OBIS VTEI

Guardado en:
Detalles Bibliográficos
Formato: Seriadas
Lenguaje:eslovaco
Publicado: Bratislava Ústav ekonomiky a organizácie stavebníctva
Etiquetas: Agregar Etiqueta
Sin Etiquetas, Sea el primero en etiquetar este registro!

MARC

LEADER 00000nas1a22000001 4500
001 s120775
005 20200722090302.0
041 0 |a slo 
044 |a SK 
245 1 0 |a Informačný spravodajca OBIS VTEI 
264 1 |a Bratislava  |b Ústav ekonomiky a organizácie stavebníctva